[Event "Iarissa Summer 2nd"]
[Site "Iarissa"]
[Date "2008.07.15"]
[Round "5"]
[White "Markopoulos, Dimitrios Nikolaos"]
[Black "Harhantis, Haralambos"]
[Result "1/2-1/2"]
[WhiteElo "1295"]
[BlackElo "1660"]
[PlyCount "90"]
[EventDate "2008.07.08"]
[EventType "tourn"]
[EventRounds "7"]
[EventCountry "GRE"]
[SourceTitle "EXT 2024"]
[Source "ChessBase"]
[SourceDate "2023.10.10"]
[SourceVersion "1"]
[SourceVersionDate "2023.10.10"]
[SourceQuality "1"]

1. c4 Nf6 2. Nf3 g6 3. g3 Bg7 4. Bg2 d6 5. Nc3 e5 6. d3 Nc6 7. 0-0 0-0 8. Bd2 Be6 9. Qc1 Ne7 10. Bh6 c6 11. Bxg7 Kxg7 12. Ng5 Rc8 13. Nxe6+ fxe6 14. Bh3 Nf5 15. Qd2 Nh5 16. Ne4 Nd4 17. Kh1 Qe7 18. Qg5 Qxg5 19. Nxg5 Rf6 20. e3 Nf3 21. Nxe6+ Kg8 22. g4 Ng7 23. Nxg7 Rd8 24. Nf5 gxf5 25. gxf5 Rh6 26. Kg2 Nh4+ 27. Kg3 Kh8 28. e4 Nf3 29. Rh1 Nd4 30. Bg4 Rg8 31. f3 Ne2+ 32. Kf2 Nf4 33. Rad1 Rf6 34. h4 h5 35. Bh3 c5 36. Ke3 Rg3 37. Bf1 Rf7 38. Rd2 Rfg7 39. Be2 a5 40. Bd1 b6 41. Ba4 Rg2 42. Rh2 Kg8 43. Be8 Rg1 44. Ba4 Re1+ 45. Kf2 Rgg1 1/2-1/2

[Event "Iarissa Summer 2nd"]
[Site "Iarissa"]
[Date "2008.07.11"]
[Round "3"]
[White "Liakos, Dimitris"]
[Black "Harhantis, Haralambos"]
[Result "1-0"]
[WhiteElo "2065"]
[BlackElo "1660"]
[PlyCount "53"]
[EventDate "2008.07.08"]
[EventType "tourn"]
[EventRounds "7"]
[EventCountry "GRE"]
[SourceTitle "EXT 2024"]
[Source "ChessBase"]
[SourceDate "2023.10.10"]
[SourceVersion "1"]
[SourceVersionDate "2023.10.10"]
[SourceQuality "1"]

1. Nf3 e6 2. g3 Nc6 3. Bg2 d5 4. 0-0 Nf6 5. d4 Be7 6. b3 b5 7. c4 bxc4 8. bxc4 0-0 9. Bf4 Rb8 10. Nbd2 Nh5 11. Be3 f5 12. Rc1 Nb4 13. a3 Na6 14. c5 f4 15. gxf4 Nxf4 16. Bxf4 Rxf4 17. e3 Rf5 18. Bh3 e5 19. Bxf5 Bxf5 20. Nxe5 Bh3 21. Re1 Bh4 22. Qf3 Qg5+ 23. Kh1 Qf5 24. Qxd5+ Kf8 25. Rb1 Re8 26. Qf3 Qxf3+ 27. Ndxf3 1-0